50 Most Expensive Football Transfers Ever - Statistics

General Stats
  • This quiz has been taken 68 times
    32 since last reset
  • The average score is 42 of 50
Answer Stats
# Nation Year From To Value (Millions) Player % Correct
2 France 2018 AS Monaco Paris Saint-Germain € 145 Kylian Mbappé
100%
1 Brazil 2017 FC Barcelona Paris Saint-Germain € 222 Neymar
100%
9 Brazil 2013 Santos FC Barcelona € 88.2 Neymar
100%
4 France 2017 Borussia Dortmund FC Barcelona € 105 Ousmane Dembélé
100%
4 France 2016 Juventus Manchester United € 105 Paul Pogba
100%
3 Brazil 2018 Liverpool FC Barcelona € 160 Philippe Coutinho
100%
7 Portugal 2009 Manchester United Real Madrid € 94 Cristiano Ronaldo
97%
6 Wales 2013 Tottenham Hotspur Real Madrid € 101 Gareth Bale
97%
8 Argentina 2016 Napoli Juventus € 90 Gonzalo Higuaín
97%
13 Colombia 2014 AS Monaco Real Madrid € 79.8 James Rodríguez
97%
49 Brazil 2002 Internazionale Real Madrid € 46 Ronaldo Nazário
97%
15 Argentina 2014 Real Madrid Manchester United € 75.6 Ángel Di María
94%
23 Argentina 2015 Manchester United Paris Saint-Germain € 64 Ángel Di María
94%
16 Belgium 2015 Wolfsburg Manchester City € 75 Kevin De Bruyne
94%
12 Uruguay 2014 Liverpool FC Barcelona € 82.3 Luis Suárez
94%
14 France 2001 Juventus Real Madrid € 77.5 Zinedine Zidane
94%
19 Brazil 2009 AC Milan Real Madrid € 67 Kaká
90%
11 Netherlands 2018 Southampton Liverpool € 84.5 Virgil van Dijk
90%
18 Sweden 2009 Internazionale FC Barcelona € 69.5 Zlatan Ibrahimović
90%
42 Portugal 2017 AS Monaco Manchester City € 49.5 Bernardo Silva
87%
34 Brazil 2014 Chelsea Paris Saint-Germain € 56 David Luiz
87%
22 Uruguay 2013 Napoli Paris Saint-Germain € 64.5 Edinson Cavani
87%
29 Spain 2011 Liverpool Chelsea € 59 Fernando Torres
87%
41 Iceland 2017 Swansea City Everton € 50 Gylfi Sigurðsson
87%
32 England 2017 Tottenham Hotspur Manchester City € 57.4 Kyle Walker
87%
28 Brazil 2017 Chelsea Shanghai SIPG € 61 Oscar
87%
24 Gabon 2018 Borussia Dortmund Arsenal € 63.7 Pierre-Emerick Aubameyang
87%
27 Colombia 2013 Atlético Madrid AS Monaco € 60 Radamel Falcão
87%
20 Spain 2017 Real Madrid Chelsea € 65.5 Álvaro Morata
84%
36 Brazil 2016 Zenit St. Peterburg Shanghai SIPG € 55.8 Hulk
84%
37 England 2016 Everton Manchester City € 55.6 John Stones
84%
26 Portugal 2000 FC Barcelona Real Madrid € 62 Luís Figo
84%
42 Germany 2013 Real Madrid Arsenal € 49.5 Mesut Özil
84%
10 Belgium 2017 Everton Manchester United € 84.7 Romelu Lukaku
84%
38 France 2017 Lyon Arsenal € 53 Alexandre Lacazette
81%
40 France 2015 AS Monaco Manchester United € 51 Anthony Martial
81%
48 Belgium 2015 Aston Villa Liverpool € 46.3 Christian Benteke
81%
33 Spain 2018 Chelsea Atlético Madrid € 57 Diego Costa
81%
39 Italy 2001 Parma Juventus € 52 Gianluigi Buffon
81%
25 England 2015 Liverpool Manchester City € 62.5 Raheem Sterling
81%
21 France 2018 Athletic Bilbao Manchester City € 65.2 Aymeric Laporte
77%
34 Senegal 2018 RB Leipzig Liverpool € 56 Naby Keïta
77%
31 France 2017 AS Monaco Manchester City € 58.1 Benjamin Mendy
74%
49 Spain 2014 Chelsea Manchester United € 46 Juan Mata
74%
47 England 2002 Leeds United Manchester United € 47 Rio Ferdinand
74%
30 Argentina 2000 Parma Lazio € 58.5 Hernán Crespo
68%
17 DR Congo 2018 Villarreal Beijing Guoan € 73.7 Cédric Bakambu
52%
42 Brazil 2016 Shakhtar Donetsk Jiangsu Suning € 49.5 Alex Teixeira
48%
45 Italy 1999 Lazio Internazionale € 49 Christian Vieri
42%
46 Spain 2001 Valencia Lazio € 48 Gaizka Mendieta
39%
No matching quizzes found
Score Distribution
Percent of People with Each Score
Percentile by Number Answered
Your Score History
You have not taken this quiz since the last reset